Normal view MARC view

Entry Personal Name

Number of records used in: 1

001 - CONTROL NUMBER

  • control field: 13940

003 - CONTROL NUMBER IDENTIFIER

  • control field: OSt

005 - DATE AND TIME OF LATEST TRANSACTION

  • control field: 20210310171249.0

008 - FIXED-LENGTH DATA ELEMENTS

  • fixed length control field: 210310|| aca||aabn | a|a d

040 ## - CATALOGING SOURCE

  • Original cataloging agency: OSt
  • Transcribing agency: OSt

100 ## - HEADING--PERSONAL NAME

  • Personal name: Rosser, W. G. V.
  • Fuller form of name: (William Geraint Vaughan)

670 ## - SOURCE DATA FOUND

  • Source citation: Work cat.: (OSt)0: Rosser, W. G. V. (William Geraint Vaughan), An introduction to the theory of relativity, 1964.